The effect of dimethyl sulfoxide (DMSO) on plasma and egg yolk cholesterol content and laying hen performance

Bibliographic Details
Main Author: Keleş, O. (Author)
Format: Article
Language:Slovak
English
PhysicalDescription:Tab.
ISSN:0015-5748
Subjects:

MARC

LEADER 00000nab a2200000 a 4500
001 vtls000782240
003 SK-MaSNL
005 20260304102854.0
008 250429c2001 xo 0 slo
015 |a SNBRB2002/02-04693 
035 |a CLN000133962 
035 |a urn:nbn:sk:snk-ab9j53 
035 |a (urnnbn)urn:nbn:sk:snk:ar-a08glj 
035 |a (uuid)ee1c8039-b995-42fc-8ac5-bc2abe57765b 
040 |a SNKBUCL  |b slo  |c SNKBUCL  |e AACR2 
041 0 |a eng 
044 |a xo  |c SK 
080 |a 619:615.272:612.015:577.115  |2 1997 
080 |a 615.272  |2 1997 
080 |a 612.015-019  |2 1997 
080 |a 636.5:619  |2 1997 
080 |a 577.115  |2 1997 
100 1 |a Keleş, O.  |4 aut  |9 1143108 
245 1 4 |a The effect of dimethyl sulfoxide (DMSO) on plasma and egg yolk cholesterol content and laying hen performance  |c O. Keleş 
300 |b Tab. 
504 |a Res. angl. 
504 |a Bibliogr. odkazy 
650 0 7 |a sliepky  |2 snkbucl  |9 2797 
650 0 7 |a cholesterol  |2 snkbucl  |9 18377 
650 0 7 |a dimetyl sulfoxid  |2 snkbucl  |9 1361310 
655 7 |a články z novín a časopisov  |2 snkbucl  |9 267496 
773 0 |t Folia veterinaria  |g Roč. 45, č. 3 (2001), s. 152-156  |x 0015-5748 
850 |a Slovenská národná knižnica 
852 |a Slovenská národná knižnica 
958 |a article13 
958 |a OND 
958 |a MI 
958 |a NB 
958 |a EUIPO 
992 |a RBX 
999 |c 2847021  |d 2848951